| 000 | 01089nam a2200289Ia 4500 | ||
|---|---|---|---|
| 001 | ebr10701867 | ||
| 003 | CaPaEBR | ||
| 006 | m o u | ||
| 007 | cr cn||||||||| | ||
| 008 | 130110s2012 xna s 000 0 eng d | ||
| 010 | _z 2012517205 | ||
| 020 | _z9781920882990 (pbk.) | ||
| 020 | _z9781922146472 (ebook) | ||
| 040 |
_aCaPaEBR _cCaPaEBR |
||
| 035 | _a(OCoLC)849923796 | ||
| 050 | 1 | 4 |
_aPR9619.3.M263 _bL57 2013eb |
| 100 | 1 |
_aMaiden, Jennifer, _d1949- |
|
| 245 | 1 | 0 |
_aLiquid nitrogen _h[electronic resource] / _cJennifer Maiden. |
| 260 |
_aArtarmon, NSW : _bGiramondo Publishing Company, _c2012. |
||
| 300 | _a86 p. | ||
| 533 |
_aElectronic reproduction. _bPalo Alto, Calif. : _cebrary, _d2013. _nAvailable via World Wide Web. _nAccess may be limited to ebrary affiliated libraries. |
||
| 650 | 0 |
_aAustralian poetry _y21st century. |
|
| 650 | 0 |
_aWorld politics _vPoetry. |
|
| 655 | 7 |
_aElectronic books. _2local |
|
| 710 | 2 | _aebrary, Inc. | |
| 856 | 4 | 0 |
_uhttp://site.ebrary.com/lib/rucke/Doc?id=10701867 _zAn electronic book accessible through the World Wide Web; click to view |
| 999 |
_c6089 _d6089 |
||